000 00610nam a2200253Ia 4500
003 OSt
005 20220912145745.0
006 a|||||r|||| 00| 0
007 ta
008 220909b |||||||| |||| 00| 0 eng d
024 _a75145
037 _cTextual
040 _aCSL
_beng
_cCSL
041 _aeng
082 _aL:526-57, G5 CL
100 _aRosenau Milton J
245 0 _aPreventine medicine and hygiene
250 _a6
260 _c1935
300 _ap.
_ccm.
650 _aMedicine
942 _hL:526-57, G5 CL
_cTEXL
_2CC
999 _c37688
_d37688